Critical care medicine at a glance / (Record no. 99813)
[ view plain ]
| 000 -LEADER | |
|---|---|
| fixed length control field | 02389nam a22003257a 4500 |
| 003 - CONTROL NUMBER IDENTIFIER | |
| control field | URS |
| 005 - DATE AND TIME OF LATEST TRANSACTION | |
| control field | 20260413150720.0 |
| 008 - FIXED-LENGTH DATA ELEMENTS--GENERAL INFORMATION | |
| fixed length control field | 260413b |||||||| |||| 00| 0 eng d |
| 020 ## - INTERNATIONAL STANDARD BOOK NUMBER | |
| International Standard Book Number | 978-1-119-60586-7 |
| 040 ## - CATALOGING SOURCE | |
| Language of cataloging | English |
| Description conventions | rda |
| Transcribing agency | URS |
| 050 00 - LIBRARY OF CONGRESS CALL NUMBER | |
| Classification number | RC86.7 |
| Item number | .L465 2023 |
| 082 00 - DEWEY DECIMAL CLASSIFICATION NUMBER | |
| Classification number | 616.02/8 |
| 100 1# - MAIN ENTRY--PERSONAL NAME | |
| Personal name | Leach, Richard M., |
| Titles and other words associated with a name | (Haematologist), |
| Relator term | author. |
| 245 10 - TITLE STATEMENT | |
| Title | Critical care medicine at a glance / |
| Statement of responsibility, etc | Richard M. Leach. |
| 250 ## - EDITION STATEMENT | |
| Edition statement | Fourth edition. |
| 263 ## - PROJECTED PUBLICATION DATE | |
| Projected publication date | 2304 |
| 264 #1 - PUBLICATION, DISTRIBUTION, ETC. (IMPRINT) | |
| Place of publication, distribution, etc | Chichester, West Sussex, UK ; |
| -- | Hoboken, NJ : |
| Name of publisher, distributor, etc | Wiley-Blackwell, |
| Date of publication, distribution, etc | ©2023. |
| 300 ## - PHYSICAL DESCRIPTION | |
| Extent | xlx, 185 pages : |
| Other physical details | color illustrations ; |
| Dimensions | 28 cm. |
| 336 ## - CONTENT TYPE | |
| Content type term | text |
| Content type code | txt |
| Source | rdacontent |
| 337 ## - MEDIA TYPE | |
| Media type term | unmediated |
| Media type code | n |
| Source | rdamedia |
| 338 ## - CARRIER TYPE | |
| Carrier type term | volume |
| Carrier type code | nc |
| Source | rdacarrier |
| 490 1# - SERIES STATEMENT | |
| Series statement | At a glance |
| 500 ## - GENERAL NOTE | |
| General note | Includes index. |
| 520 ## - SUMMARY, ETC. | |
| Summary, etc | "Everything you need to know about Critical Care Medicine...at a Glance! Critical Care Medicine at a Glance provides a succinct, accessible, highly illustrated introduction to the care of the critically ill patient. Designed for medical students and junior doctors and nurses alike, this authoritative revision guide covers the essential clinical, diagnostic, and therapeutic skills required to manage critically ill patients with a wide range of conditions in a variety of settings. Colour-coded chapters, each of which are presented on a double-page format, contain concise explanatory text, applications to practice, and numerous high-quality photographs, illustrations, diagrams and tables. Fully revised to reflect current guidelines, changes in practice and recent medical innovations, the fourth edition includes expanded coverage of resus, sepsis, covid-19, ECMO, dermatological emergencies, envenomation and other key conditions and procedures. Updated chapters incorporate current assessment methods used by medical schools and postgraduate training programmes, whilst additional 'Pearls of Wisdom' boxes and Wise Owl Reading' reference suggestions are integrated throughout to aid learning and comprehension"-- |
| Assigning source | Provided by publisher. |
| 650 12 - SUBJECT ADDED ENTRY--TOPICAL TERM | |
| Topical term or geographic name as entry element | Critical Care |
| General subdivision | methods |
| 655 #2 - INDEX TERM--GENRE/FORM | |
| Genre/form data or focus term | Handbook |
| 776 08 - ADDITIONAL PHYSICAL FORM ENTRY | |
| Display text | Online version: |
| Main entry heading | Leach, Richard M. (Haematologist) |
| Title | Critical care medicine at a glance |
| Edition | Fourth edition. |
| Place, publisher, and date of publication | Hoboken, NJ : Wiley-Blackwell, 2023 |
| International Standard Book Number | 9781119605874 |
| Record control number | (DLC) 2022059829 |
| 830 #0 - SERIES ADDED ENTRY--UNIFORM TITLE | |
| Uniform title | At a glance series (Oxford, England) |
| 942 ## - ADDED ENTRY ELEMENTS (KOHA) | |
| Source of classification or shelving scheme | Library of Congress Classification |
| Koha item type | Reserved Books |
| Withdrawn status | Lost status | Source of classification or shelving scheme | Damaged status | Not for loan | Collection code | Home library | Current library | Shelving location | Date acquired | Source of acquisition | Cost, normal purchase price | Total Checkouts | Full call number | Barcode | Date last seen | Copy number | Cost, replacement price | Price effective from | Koha item type |
|---|---|---|---|---|---|---|---|---|---|---|---|---|---|---|---|---|---|---|---|
| Library of Congress Classification | Non-fiction | Taytay College Library | Taytay College Library | Medicine Collection | 04/13/2026 | Purchased | 4000.00 | RC86.7 .L465 2023 | URSTAY-6106 | 04/13/2026 | 1 | 4000.00 | 04/13/2026 | Reserved Books |